Litterae encyclicae centisimus annus

Uloženo v:
Podrobná bibliografie
Hlavní autor: Juan Pablo II (Autor)
Médium: Kniha
Jazyk:latina
Vydáno: Ciudad del Vaticano Libreria Editrice Vaticana 1991
Témata:
Tagy: Přidat tag
Žádné tagy, Buďte první, kdo vytvoří štítek k tomuto záznamu!

MARC

LEADER 00000nam a2200000 a 4500
001 UCO1854
003 CL-VaPUC
008 000525e19910000VC |||||||||||||||||lat|d
082 0 4 |a 262.91  |b JUA  |2 21 
100 |a Juan Pablo II  |e author  |9 309920 
245 1 0 |a Litterae encyclicae centisimus annus 
300 |a 84 p 
942 |c BK 
945 |d 20000525 00:00:00  |a rbrito 
260 |a Ciudad del Vaticano  |b Libreria Editrice Vaticana  |c 1991 
650 0 |a Documentos pontificios   |9 255642 
650 0 |a Encíclicas  |9 255643 
650 0 |a Doctrina social de la iglesia  |9 257333 
583 |a last modification  |c 20000525 00:00:00  |k Rodrigo Vera 
999 |c 288445  |d 288443 
952 |0 0  |1 0  |4 0  |6 262_910000000000000_JUA_1991  |7 0  |8 A  |9 336120  |a BIBTEO  |b BIBTEO  |d 2019-11-20  |i 3606392  |o 262.91 JUA 1991  |p 3606392  |r 2025-01-17  |w 2019-11-20  |y BK  |k ICR